Normal view
MARC view
- MS-COMPUTER ENGINEERING-65
Entry Topical Term
001 - CONTROL NUMBER
- control field: 91241
003 - CONTROL NUMBER IDENTIFIER
- control field: NUST
005 - DATE AND TIME OF LATEST TRANSACTION
- control field: 20220427110903.0
008 - FIXED-LENGTH DATA ELEMENTS
- fixed length control field: 220427|| aca||aabn | a|a d
040 ## - CATALOGING SOURCE
- Original cataloging agency: NUST
- Transcribing agency: NUST
150 ## - HEADING--TOPICAL TERM
- Topical term or geographic name entry element: MS-COMPUTER ENGINEERING-65
670 ## - SOURCE DATA FOUND
- Source citation: Work cat.: (NUST): Muhammed Salman Rashed 91239, TH-SOF-0787-A Parallel Architecture for Giga Bit Lossless Data Compression, 2013.
